Law of evidence in Malaysia with cases and commentaries

Bibliographic Details
Main Author: Mohan, S
Format: Book
Published: Kuala Lumpur : International Law Book Services , 1992
Subjects:

MARC

LEADER 00000cam a2200000 7i4500
001 0000000422
002 000000499
005 20000330.0
020 |a 9678904543 
090 0 0 |a 349.595   |b MOH 
100 1 |a Mohan, S 
245 1 0 |a Law of evidence in Malaysia with cases and commentaries   |c S.Mohan 
260 |a Kuala Lumpur :   |b International Law Book Services ,   |c 1992 
300 |a 496p. ;   |c 25cm. 
650 0 0 |a Law   |z Malaysia 
999 |a 00069425   |b BUKU   |c PINJAMAN   |e PERPUSTAKAAN KOMUNITI PETALING JAYA 
999 |a 029367   |b BUKU   |c MALAYSIANA   |e PERPUSTAKAAN KOMUNITI PETALING JAYA